000 00481nam a2200157Ia 4500
005 20250329095144.0
008 231217s9999 xx 000 0 und d
020 _a9788178815855
082 _a657 RAO;2 R1
100 _aRao, Katuri Nageswara ed.
245 0 _aAsset reconstruction companies : concept and country experiences
260 _c2005
_bIcfai
_aHyderabad
300 _axi, 182
650 _aAssent,reconstruction,companies,concept,country,experiences
942 _cAA
999 _c188571
_d188571